000 00375pab a2200145 454500
008 180718b2001 xxu||||| |||| 00| 0 eng d
100 _aMorris, Peter W.G.
245 _aUpdating the project management bodies of knowledge
260 _c2001
300 _ap.21-30
362 _aSep
650 _aProject management
773 _aProject Management Journal
909 _a49987
999 _c49987
_d49987